<?xml version="1.0" encoding="UTF-8"?>
<record
    xmlns:xsi="http://www.w3.org/2001/XMLSchema-instance"
    xsi:schemaLocation="http://www.loc.gov/MARC21/slim http://www.loc.gov/standards/marcxml/schema/MARC21slim.xsd"
    xmlns="http://www.loc.gov/MARC21/slim">

  <leader>03017cam a2200277 i 4500</leader>
  <datafield tag="020" ind1=" " ind2=" ">
    <subfield code="a">9780230284203 (hardback)</subfield>
  </datafield>
  <datafield tag="082" ind1="0" ind2="0">
    <subfield code="a">379.28</subfield>
  </datafield>
  <datafield tag="100" ind1="1" ind2=" ">
    <subfield code="a">Mattei, Paola,</subfield>
  </datafield>
  <datafield tag="245" ind1="1" ind2="0">
    <subfield code="a">Secular institutions, Islam and education policy : France and the U.S in Comparative Perspective</subfield>
  </datafield>
  <datafield tag="260" ind1=" " ind2=" ">
    <subfield code="a">New York, NY, </subfield>
    <subfield code="b"> Palgrave Macmillan</subfield>
    <subfield code="c">2016</subfield>
  </datafield>
  <datafield tag="300" ind1=" " ind2=" ">
    <subfield code="a">xiii, 236 pages ;</subfield>
  </datafield>
  <datafield tag="490" ind1="0" ind2=" ">
    <subfield code="a">St Antony's Series</subfield>
  </datafield>
  <datafield tag="505" ind1="8" ind2=" ">
    <subfield code="a">Machine generated contents note: -- 1. The New Challenges to the &amp;#201;cole Lai;que: Integrating Islam -- 2. Faire l'Islam Lai;c: The Makings Of French Islam -- 3. The French Republican School: L'e;cole Lai;que and its Historical Origins -- 4. Policies Towards Religion in French Public Schools, 1989-2004 -- 5. Rising Education Inequalities In French Schools -- 6. The Post-2004 Ban and the Integration Of Muslim Students: The Limits of a Narrowly Legalistic Approach -- 7. Cultural and Religious Conflicts in the History of American Schools -- 8. Assimilation and Educational Achievement of Minority Groups in The United States -- 9. Secular Institutions between Policy and Politics.</subfield>
  </datafield>
  <datafield tag="520" ind1=" " ind2=" ">
    <subfield code="a">"In January 2015, three attackers walked into the office of the satirical magazine, Charlie Hebdo, in Paris, opened fire and killed twelve people, including a Muslim policeman, in the deadliest terrorist attack on France for 50 years. We live in a time of suspicion and fear, not least because religion has returned to the centre stage of collective memories in Europe and in the United States. Amidst claims of threats to national identities in an era of increasing diversity, should we be worried about the upsurge in religious animosity in the United States, as well as Europe? Paola Mattei and Andrew Aguilar show that French society is divided along conflicts about religious identity, increasingly visible in public schools. Republicanism, based on the solidarity and secularism, is viewed by many as the cause of discrimination and unfairness against minority groups. Policies invoking lai;cite; are frequently criticised as a disguised form of Islamophobia. Secular Institutions, Islam, and Education Policy suggests, on the contrary, that secularism in France is a flexible concept, translated into contradictory policy programmes, and subject to varying political interpretations. This book presents original data showing how schools have become, once again, a central theatre of political action and public engagement regarding laicite;, an ideal grounded in the republican origins of the public education system in France. "--</subfield>
  </datafield>
  <datafield tag="650" ind1=" " ind2="0">
    <subfield code="a">Religion in the public schools</subfield>
  </datafield>
  <datafield tag="650" ind1=" " ind2="0">
    <subfield code="a">Education and state</subfield>
  </datafield>
  <datafield tag="650" ind1=" " ind2="0">
    <subfield code="a">Islam and secularism</subfield>
  </datafield>
  <datafield tag="650" ind1=" " ind2="0">
    <subfield code="a">Religion in the public schools</subfield>
  </datafield>
  <datafield tag="650" ind1=" " ind2="0">
    <subfield code="a">Education and state</subfield>
  </datafield>
  <datafield tag="650" ind1=" " ind2="0">
    <subfield code="a">Islam and secularism</subfield>
  </datafield>
  <datafield tag="650" ind1=" " ind2="7">
    <subfield code="a">EDUCATION / Multicultural Education.</subfield>
  </datafield>
  <datafield tag="650" ind1=" " ind2="7">
    <subfield code="a">EDUCATION / Educational Policy &amp; Reform / General.</subfield>
  </datafield>
  <datafield tag="650" ind1=" " ind2="7">
    <subfield code="a">RELIGION / Religion, Politics &amp; State.</subfield>
  </datafield>
  <datafield tag="700" ind1="1" ind2=" ">
    <subfield code="a">Aguilar, Andrew S.,</subfield>
  </datafield>
  <datafield tag="942" ind1=" " ind2=" ">
    <subfield code="c">BK</subfield>
  </datafield>
  <datafield tag="952" ind1=" " ind2=" ">
    <subfield code="0">0</subfield>
    <subfield code="1">0</subfield>
    <subfield code="4">0</subfield>
    <subfield code="7">0</subfield>
    <subfield code="a">HMI</subfield>
    <subfield code="b">HMI</subfield>
    <subfield code="c">GEN</subfield>
    <subfield code="d">2024-05-31</subfield>
    <subfield code="e">Kohinoor Book Distributor</subfield>
    <subfield code="g">4714.00</subfield>
    <subfield code="l">0</subfield>
    <subfield code="o">379.28 MAT</subfield>
    <subfield code="p">25952</subfield>
    <subfield code="r">2024-05-31</subfield>
    <subfield code="w">2024-05-31</subfield>
    <subfield code="y">BK</subfield>
  </datafield>
  <datafield tag="999" ind1=" " ind2=" ">
    <subfield code="c">23457</subfield>
    <subfield code="d">23457</subfield>
  </datafield>
</record>
